Termodinamika i kinetika raskislenija stali /

Uložené v:
Podrobná bibliografia
Hlavný autor: Mčedvišvili, Vachtang Aleksandrovič (Author)
Médium: Kniha
Jazyk:Russian
Vydané: Moskva : Metallurgija, 1978.
Vydanie:1. izd.
ISBN: (viaz.)
Fyzický popis: 287 s.
Tagy: Pridať tag
Žiadne tagy, Buďte prvý kto otaguje tento záznam!

MARC

LEADER 00000nam a2200000 a 4500
001 000165713
005 20091210202900.0
008 000508e1978 ru e rus d
020 |a (viaz.) 
040 |a SVKKK  |b slo  |c SVKKK  |e AACR2 
041 1 |a rus 
044 |a ru  |c RU 
100 1 |a Mčedvišvili, Vachtang Aleksandrovič  |4 aut 
245 1 0 |a Termodinamika i kinetika raskislenija stali /  |c Vachtang Aleksandrovič Mčedvišvili. 
250 |a 1. izd. 
260 |a Moskva :  |b Metallurgija,  |c 1978. 
300 |a 287 s. 
910 |a svkkk 
998 |a BK 
090 |g SCKHL  |k Sklad Pribinova 2. posch.  |a III.115883  |j 604024  |i 165713-10  |4 Zastaraná  |s Vyradená